Capitales con más de una palabra - Estadísticas

Estadísticas generales
  • Esta prueba ha sido intentada 26 veces
    20 desde el último reinicio
  • La puntuación promedio es 24 de 34
Estadísticas de respuestas
Nº de letras Capital % Correcto
3 Ciudad de Guatemala
100%
3 Ciudad del Cabo
100%
3 Ciudad de Panamá
100%
2 La Paz
100%
2 Puerto España
100%
2 Puerto Príncipe
100%
3 Ciudad de México
88%
2 Nueva Delhi
88%
2 Adís Abeba
75%
3 Andorra la Vieja
75%
2 El Cairo
75%
2 La Habana
75%
2 La Valeta
75%
2 Port Moresby
75%
2 Santo Domingo
75%
2 Ulán Bator
75%
2 Buenos Aires
63%
3 Ciudad del Vaticano
63%
2 Port Louis
63%
2 Porto Novo
63%
2 Port Vila
63%
2 Saint John’s
63%
2 San José
63%
2 San Marino
63%
2 San Salvador
63%
2 Abu Dabi
50%
3 Bandar Seri Begawan
50%
2 Nom Pen
50%
2 Saint George’s
50%
2 Santo Tomé
50%
3 Sri Jawardenapura Kotte
50%
3 Washington D. C.
50%
2 Kuala Lumpur
38%
2 Tarawa Sur
38%
No se encontraron pruebas coincidentes
Distribución de puntuación
Porcentaje de gente con cada puntuación
Porcentaje por número respondido
Historial de tus puntuaciones
No has intentado esta prueba desde el último reinicio